Diversidad cultural: materiales para la formación docente y el trabajo de aula
Gespeichert in:
| 1. Verfasser: | |
|---|---|
| Format: | Buch |
| Sprache: | Spanisch |
| Veröffentlicht: |
Santiago
UNESCO
2005
|
| Schlagworte: | |
| Tags: |
Tag hinzufügen
Keine Tags, Fügen Sie den ersten Tag hinzu!
|
MARC
| LEADER | 00000cam a2200000 a 4500 | ||
|---|---|---|---|
| 001 | UCG9321 | ||
| 003 | CL-VaPUC | ||
| 008 | 120309e20050000CL |||||||||||||||||spa|d | ||
| 020 | |a 9568302603 | ||
| 082 | 0 | 4 | |a 371.1 |b KAL |2 21 |
| 100 | |a Kaluf Fuentes, cecilia |e author |9 560826 | ||
| 245 | 1 | 0 | |a Diversidad cultural: materiales para la formación docente y el trabajo de aula |
| 300 | |a v | ||
| 942 | |c BK | ||
| 945 | |d 20120309 00:00:00 |a dcastane | ||
| 260 | |a Santiago |b UNESCO |c 2005 | ||
| 650 | 0 | |a Formación profesional de profesores |9 307493 | |
| 650 | 0 | |a Docentes |9 311365 | |
| 650 | 0 | |a Sociología de la educación |9 260380 | |
| 583 | |a last modification |c 20120309 14:21:00 |k Rodrigo Vera | ||
| 999 | |c 346879 |d 346877 | ||
| 952 | |0 0 |1 0 |4 0 |6 371_100000000000000_KAL_2005 |7 0 |8 A |9 447818 |a BIBEDU |b BIBEDU |d 2019-11-22 |h v.3 |i 4838424 |l 1 |o 371.1 KAL 2005 |p 4838424 |r 2022-11-23 |s 2022-11-21 |w 2019-11-22 |y BK |k EPE | ||